The Heavy Is Dead (updated) - Statistics

General Stats
  • This quiz has been taken 39 times
    36 since last reset
  • The average score is 258 of 304
Answer Stats
Answer % Correct
a
100%
A
100%
AH!
100%
He
100%
dammit
95%
de
95%
dead!
95%
dead?
95%
DEAD!
95%
I
95%
is
95%
IS
95%
Is
95%
no
95%
No,
95%
ya
95%
you
95%
again!
89%
and
89%
be
89%
day
89%
die
89%
ever
89%
fuck
89%
heal
89%
Heavy
89%
HEAVY
89%
Heavy?
89%
Heavy,
89%
How
89%
In
89%
It
89%
it
89%
not
89%
Not
89%
o'
89%
on!
89%
That
89%
that?
89%
THAT
89%
that
89%
The
89%
the
89%
this!
89%
This
89%
Who
89%
will
89%
YES!
89%
Yes!
89%
Yes,
89%
You
89%
you
89%
you!
89%
about,
84%
alive!
84%
am
84%
anything
84%
are
84%
Attention!
84%
come
84%
Did
84%
did
84%
didn't!
84%
do
84%
don't
84%
doo!
84%
for
84%
GO
84%
good
84%
him,
84%
him?
84%
HIM!
84%
HOME!
84%
it's
84%
(It's
84%
joke,
84%
just
84%
killed
84%
killed!
84%
know.
84%
know!
84%
know?
84%
lads!
84%
Let's
84%
like
84%
me!
84%
medical
84%
my
84%
nice!
84%
nice.
84%
off!
84%
Off
84%
Oh
84%
Oh,
84%
Okay...
84%
one
84%
opinion;
84%
opinion,
84%
professional
84%
Scout?
84%
Scout
84%
SHH
84%
stupid!
84%
think
84%
to
84%
up
84%
was
84%
We
84%
Well,
84%
What
84%
what
84%
what?
84%
Who's
84%
Why
84%
why
84%
why?
84%
worry
84%
you're
84%
back
79%
big
79%
boy!
79%
But
79%
capture
79%
'Cause
79%
Clippity
79%
clop,
79%
clues!
79%
died!
79%
Doc,
79%
fat,
79%
find
79%
get
79%
hang
79%
happened?
79%
lea-
79%
mate.
79%
monster!
79%
motherfuckers
79%
Move!
79%
murderer?
79%
myself!
79%
Nope!
79%
point!
79%
POW!
79%
right!
79%
see
79%
Sorry,
79%
surprise!
79%
That's
79%
too!
79%
Watch
79%
weapon?
79%
What's
79%
Whoop
79%
bloody
74%
Correct!
74%
ENGINEER!
74%
hell
74%
Now!
74%
now
74%
suck!
74%
unbelievable!
74%
wankas?
74%
idiotic.
68%
I'm
68%
Seriously!
68%
tradition.)
68%
Yeah!
68%
Yeah?
68%
Aw
63%
frickin
63%
Frickin
63%
Incoming!
63%
god!
58%
Heavy's
58%
thing
58%
BOOM!
53%
Raus!
53%
guys
42%
Ooh
16%
though!
16%
No matching quizzes found
Score Distribution
Percent of People with Each Score
Percentile by Number Answered
Your Score History
You have not taken this quiz since the last reset